Echecs - Champions du monde - Statistiques

Statistiques générales
  • Ce quiz a été pris 70 fois
  • Le résultat moyen est 9 sur 15
Statistiques - réponses
Question Réponse % Correct
Quel est le premier joueur chinois à gagner le titre ? Ding Liren
79%
Quel est le premier joueur à devenir champion du monde en 1886 ? Wilhelm Steinitz
76%
Quel champion du monde a joué le plus de parties dans un match avec le titre en jeu ? Anatoly Karpov
74%
Quel est le plus jeune joueur a remporté le titre de champion du monde ? Dommaraju Gukesh
74%
Quel champion du monde a été surnommé le "magicien de Riga" pour son jeu tactique ? Mikhaïl Tal
68%
Quel joueur obtint la nationalité française quelques jours avant la fin du match pour le titre de champion du monde qu'il remporta ? Alexander Alekhine
65%
Les matchs ci-dessous ont tous comporté au moins 30 parties, mais lequel a été le plus long ? Karpov - Kasparov (1984-85)
65%
Qui devint champion du monde en 1969 ? Boris Spassky
53%
Quel champion du monde a conservé son titre le plus longtemps ? Emanuel Lasker
47%
Lequel de ces joueurs américains n'a pas participé au cycle du championnat du monde ? Paul Morphy
47%
Quel joueur n'a jamais été champion du monde ? Viktor Kortchnoï
47%
Quel champion du monde a perdu définitivement son titre lors d'un match avec son challenger ? Gary Kasparov
44%
Quel joueur n'a jamais été champion du monde ? Sergueï Kariakine
44%
En quelle année Gary Kasparov devint le treizième champion du monde ? 1985
41%
Quel joueur n'a pas terminé un match pour le titre à égalité avec le champion du monde ? (A égalité à la fin du match le champion du monde gardait son titre) Max Euwe
29%
Aucun quiz correspondant
Distribution des résultats
% des personnes avec chaque résultat
Percentile par nombre de réponses
Votre historique - résultats
Vous n’avez pas pris ce quiz